000 00598nam a22001937a 4500
999 _c9335
_d9335
003 AR-CdUCM
008 190327b ||||| |||| 00| 0 spa d
020 _a978-607-404-475-1
040 _aMUNICIPALIDAD PROVINCIAL DEL CUSCO
_cBIBLIOTECA MUNICIPAL DEL CUSCO
082 _aPI-0039 /
_bMOR / niñ
100 _aMorris, Neil
_925463
245 _aNiños Ecológicos /
260 _aReino Unido :
_bSilver Dolphin,
_c2010.
300 _a120 páginas ;
_bilustraciones a color,
_c28 cm.
650 _aLibro didactico
_924757
650 _aLibro infantil
_924758
942 _2ddc
_cLIBROS
945 _araen